Litomyšlsko : regionální analýza a projekt rozvoje /

Hlavní autor: Pešta, Josef
Korporativní autor: Univerzita Pardubice. Ekonomicko-správní fakulta
Jazyk: Čeština
Vydáno: Pardubice : Univerzita Pardubice, 1999
Vydání: 1. vyd.
Témata:
Fyzický popis: 154 s. : tab., m. ; 21 cm
Knihy
Uloženo v:
LEADER 01480nam a2200409 a 4500
001 000468473
003 CZ BrMZK
005 20210205091825.0
007 ta
008 000115s1999 xr f 0 cze d
015 |a cnb000964241 
020 |a 80-7194-226-X 
035 |a (OCoLC)45022862 
040 |a BOA001  |b cze 
043 |a e-xr---  |b e-xr-pa  |2 czenas 
072 7 |a 332  |x Regionální ekonomie, regionální ekonomika  |2 Konspekt  |9 4 
080 |a 332.055.2  |2 MRF 
080 |a 323.174  |2 MRF 
080 |a 308  |2 MRF 
080 |a 338  |2 MRF 
080 |a (437.314)  |2 MRF 
080 |a (048.8)  |2 MRF 
100 1 |a Pešta, Josef  |7 jn20001005712  |4 aut 
245 1 0 |a Litomyšlsko :  |b regionální analýza a projekt rozvoje /  |c Josef Pešta 
250 |a 1. vyd. 
260 |a Pardubice :  |b Univerzita Pardubice,  |c 1999 
300 |a 154 s. :  |b tab., m. ;  |c 21 cm 
500 |a Určeno pro posl. fak. ekon.-správní 
650 0 7 |a regionální rozvoj  |7 ph125083  |z Česko  |2 czenas 
650 0 7 |a regionální politika  |7 ph125081  |z Česko  |2 czenas 
651 7 |a Litomyšl (Česko : oblast)  |7 ge129844  |x sociální poměry  |2 czenas 
651 7 |a Litomyšl (Česko : oblast)  |7 ge129844  |x hospodářské poměry  |2 czenas 
655 7 |a studie  |7 fd133597  |2 czenas 
710 2 |a Univerzita Pardubice.  |b Ekonomicko-správní fakulta  |7 kn20010709381 
910 |a BOA001  |b 2-1070.116 
990 |a BK 
996 6 |b 2610110609  |c 2-1070.116  |l MZK  |r Sklad / do 1 hodiny  |n 2  |p p.v.  |w 000468473  |u 000010  |a 1  |e BOA001  |j MZK50  |s P